[Event "Attica-ch U16 11"]
[Site "Athens"]
[Date "2010.12.28"]
[Round "5.6"]
[White "Tolias, Athanasios"]
[Black "Fotiadis, Ioannis"]
[Result "0-1"]
[WhiteElo "1693"]
[BlackElo "1761"]
[PlyCount "68"]
[EventDate "2010.12.23"]
[EventType "swiss"]
[EventRounds "7"]
[EventCountry "GRE"]
[SourceTitle "EXT 2024"]
[Source "ChessBase"]
[SourceDate "2023.10.10"]
[SourceVersion "1"]
[SourceVersionDate "2023.10.10"]
[SourceQuality "1"]

1. e4 c5 2. c3 Nf6 3. e5 Nd5 4. d4 cxd4 5. Nf3 Nc6 6. cxd4 d6 7. exd6 Qxd6 8. Be2 g6 9. Nc3 Nxc3 10. bxc3 Bg7 11. 0-0 0-0 12. Qb3 Bf5 13. Re1 a6 14. Be3 b5 15. Rad1 Rfc8 16. Ng5 Qf6 17. Bd3 Bxd3 18. Rxd3 Qf5 19. Rdd1 h6 20. Nf3 Rab8 21. Rc1 a5 22. Bd2 e6 23. Red1 a4 24. Qb1 Qd5 25. Be3 g5 26. h3 Na5 27. Rd3 Nc4 28. Kf1 Bf8 29. Kg1 Ba3 30. Rc2 Bd6 31. Rc1 b4 32. cxb4 Bxb4 33. Qa1 Ba3 34. Rcc3 Bb2 0-1

[Event "GRE-ch U14"]
[Site "Kallithea"]
[Date "2009.06.28"]
[Round "6"]
[White "Agorastoudis Vlahos, Ioakim"]
[Black "Fotiadis, Ioannis"]
[Result "1-0"]
[WhiteElo "1455"]
[BlackElo "1772"]
[PlyCount "81"]
[EventDate "2009.06.25"]
[EventType "swiss"]
[EventRounds "9"]
[EventCountry "GRE"]
[SourceTitle "EXT 2011"]
[Source "ChessBase"]
[SourceDate "2010.11.26"]
[SourceVersion "1"]
[SourceVersionDate "2010.11.26"]
[SourceQuality "1"]

1. e4 c5 2. Nf3 d6 3. d4 cxd4 4. Nxd4 Nf6 5. Nc3 Nc6 6. Be2 e5 7. Nb3 Be7 8. Be3 0-0 9. 0-0 a5 10. f3 a4 11. Nd2 Be6 12. Nc4 Bxc4 13. Bxc4 a3 14. b3 Nh5 15. Nd5 Bg5 16. Bb6 Qd7 17. Kh1 Qe6 18. g4 Nf6 19. Nc7 Qd7 20. Nxa8 Rxa8 21. Bf2 Ne7 22. Qe1 h5 23. h3 Ng6 24. Rd1 Nf4 25. Bc5 d5 26. exd5 e4 27. Be3 hxg4 28. Bxf4 gxf3 29. Bh2 Qxh3 30. Qg3 Qf5 31. Rg1 f2 32. Rg2 e3 33. Qxg5 Qxg5 34. Rxg5 Ne4 35. Re5 f5 36. Rxe4 fxe4 37. d6+ Kh8 38. d7 Rd8 39. Bc7 g5 40. Bxd8 g4 41. Bh4 1-0

[Event "Attica-ch U14"]
[Site "Athens"]
[Date "2008.12.27"]
[Round "4"]
[White "Fotiadis, Ioannis"]
[Black "Michelakos, Panagiotis"]
[Result "0-1"]
[WhiteElo "1784"]
[BlackElo "1997"]
[PlyCount "98"]
[EventDate "2008.12.25"]
[EventType "swiss"]
[EventRounds "7"]
[EventCountry "GRE"]
[SourceTitle "EXT 2011"]
[Source "ChessBase"]
[SourceDate "2010.11.26"]
[SourceVersion "1"]
[SourceVersionDate "2010.11.26"]
[SourceQuality "1"]

1. e4 c5 2. Nf3 e6 3. d4 cxd4 4. Nxd4 Nc6 5. Nc3 Qc7 6. Be3 a6 7. Bd3 Nf6 8. 0-0 Be7 9. f4 d6 10. f5 e5 11. Nxc6 bxc6 12. Kh1 d5 13. exd5 cxd5 14. Bg5 Bb7 15. Re1 0-0 16. Bxf6 Bxf6 17. Bf1 Rad8 18. Qg4 e4 19. Re3 Qe5 20. Rh3 Bc8 21. Rh5 g6 22. Bxa6 Kh8 23. Rh6 Bxf5 24. Qe2 Bg5 25. g4 Bxh6 26. gxf5 Qxf5 27. Rf1 Qe5 28. Bb7 f5 29. Qb5 Bg7 30. a4 d4 31. Nd5 f4 32. Nb4 Rde8 33. Qb6 Qh5 34. a5 Qh3 35. Qb5 f3 36. Rf2 e3 37. Rxf3 Rxf3 38. Qxe8+ Rf8 39. Bg2 Qxg2+ 40. Kxg2 Rxe8 41. Nd3 Rc8 42. Ne1 Bf8 43. Kf1 Bb4 44. Nf3 Rxc2 45. Nxd4 Rf2+ 46. Kg1 Bxa5 47. b3 Rd2 48. Nf3 Rd1+ 49. Kg2 e2 0-1